Radio pulsars (Record no. 15875)

MARC details
000 -LEADER
fixed length control field 00916nam a2200241Ia 4500
003 - CONTROL NUMBER IDENTIFIER
control field IN-BaIIA
008 - FIXED-LENGTH DATA ELEMENTS--GENERAL INFORMATION
fixed length control field 211028s9999 xx 000 0 eng d
020 ## - INTERNATIONAL STANDARD BOOK NUMBER
International Standard Book Number 1-58381-151-6
040 ## - CATALOGING SOURCE
Transcribing agency IIA Library
080 ## - UNIVERSAL DECIMAL CLASSIFICATION NUMBER
Universal Decimal Classification number 082.2:52
Item number ASP-302
111 ## - MAIN ENTRY--MEETING NAME
Meeting name or jurisdiction name as entry element Meeting on Radio Pulsars
Location of meeting Greece
Date of meeting or treaty signing 2002 Aug. 26-29
9 (RLIN) 29249
245 #0 - TITLE STATEMENT
Title Radio pulsars
Remainder of title proceedings of a meeting held in Crete, Greece, 26-29 Aug 2002
Statement of responsibility, etc. edited by Mathew Bailes, D. J. Nice and S. E. Thorsett
260 ## - PUBLICATION, DISTRIBUTION, ETC.
Place of publication, distribution, etc. San Francisco
Name of publisher, distributor, etc. Astronomical Society of the Pacific
Date of publication, distribution, etc. 2003
300 ## - PHYSICAL DESCRIPTION
Extent xiii, 404p.
490 ## - SERIES STATEMENT
Series statement ASP conference series; v. 302
650 ## - SUBJECT ADDED ENTRY--TOPICAL TERM
Topical term or geographic name entry element Pulsars
9 (RLIN) 7214
650 ## - SUBJECT ADDED ENTRY--TOPICAL TERM
Topical term or geographic name entry element Radio astronomy
9 (RLIN) 2849
700 ## - ADDED ENTRY--PERSONAL NAME
Personal name Bailes, Mathew, ed.
9 (RLIN) 29250
700 ## - ADDED ENTRY--PERSONAL NAME
Personal name Nice, D. J., ed.
9 (RLIN) 29251
700 ## - ADDED ENTRY--PERSONAL NAME
Personal name Thorsett, S. E., ed.
9 (RLIN) 18732
710 ## - ADDED ENTRY--CORPORATE NAME
Corporate name or jurisdiction name as entry element Astronomical Society of the Pacific
9 (RLIN) 1154
942 ## - ADDED ENTRY ELEMENTS (KOHA)
Koha item type Books
952 ## - LOCATION AND ITEM INFORMATION (KOHA)
-- 77.00
Holdings
Withdrawn status Lost status Damaged status Not for loan Home library Current library Shelving location Date acquired Source of acquisition Total Checkouts Full call number Barcode Date last seen Price effective from Koha item type
        IIA Library-Bangalore IIA Library-Bangalore General Stacks 15/04/2005 ASP   082.2:52/ ASP-302 16797 05/11/2021 15/04/2005 Books

Powered by Koha